[Event "Witney op-B 10th"]
[Site "Witney"]
[Date "2023.11.04"]
[Round "2"]
[White "Dooley, Max"]
[Black "Chua, Sebastien"]
[Result "1-0"]
[WhiteElo "1903"]
[BlackElo "1838"]
[PlyCount "63"]
[EventDate "2023.11.04"]
[EventType "swiss"]
[EventRounds "5"]
[EventCountry "ENG"]
[SourceTitle "CB46_2023"]
[SourceDate "2023.11.15"]
[SourceVersion "1"]
[SourceVersionDate "2023.11.15"]
[SourceQuality "1"]

1. e4 e5 2. Nf3 Nc6 3. d4 exd4 4. Nxd4 Nf6 5. Nc3 Bb4 6. Nxc6 bxc6 7. Bd3 0-0 8. 0-0 d6 9. h3 h6 10. a3 Bxc3 11. bxc3 Re8 12. Qf3 d5 13. exd5 Qxd5 14. Qg3 c5 15. Rd1 Qc6 16. c4 Rb8 17. Bd2 Ne4 18. Bxe4 Rxe4 19. Bc3 f6 20. Rd8+ Kh7 21. Qd3 f5 22. Bxg7 Re8 23. Bc3 Rxd8 24. Qxd8 Qd7 25. Qh8+ Kg6 26. Qf6+ Kh5 27. Re1 Rb6 28. g4+ fxg4 29. Re5+ Qf5 30. Rxf5+ Bxf5 31. Qxf5+ Kh4 32. Qxg4# 1-0

[Event "Witney op-B 10th"]
[Site "Witney"]
[Date "2023.11.04"]
[Round "1"]
[White "Obi, Okwose Marc"]
[Black "Chua, Sebastien"]
[Result "1-0"]
[WhiteElo "1979"]
[BlackElo "1838"]
[PlyCount "81"]
[EventDate "2023.11.04"]
[EventType "swiss"]
[EventRounds "5"]
[EventCountry "ENG"]
[SourceTitle "CB46_2023"]
[SourceDate "2023.11.15"]
[SourceVersion "1"]
[SourceVersionDate "2023.11.15"]
[SourceQuality "1"]

1. e4 e5 2. Nc3 Nf6 3. f4 d5 4. fxe5 Nxe4 5. Qf3 f5 6. d3 Nxc3 7. bxc3 d4 8. Ne2 Nc6 9. Bf4 dxc3 10. g3 Nb4 11. Kd1 Bd7 12. Bg2 Ba4 13. Nxc3 Bxc2+ 14. Kc1 Qd4 15. Kb2 Ba4 16. Rhd1 Bxd1 17. Rxd1 Nc6 18. Kc2 Bb4 19. Nd5 0-0-0 20. e6 Ba5 21. Ne7+ Kb8 22. Nxc6+ bxc6 23. Qxc6 Qc3+ 24. Qxc3 Bxc3 25. Rb1+ Kc8 26. Bb7+ Kb8 27. Bc6+ Kc8 28. Bd7+ Rxd7 29. exd7+ Kxd7 30. Kxc3 Kc6 31. Re1 h6 32. h4 Kd7 33. Re5 g6 34. Ra5 Rh7 35. Rxa7 Kc8 36. Ra8+ Kb7 37. Rg8 g5 38. hxg5 hxg5 39. Rxg5 Rf7 40. Be5 Kc6 41. Rg7 1-0